000 00886nam0a22002411i 4500
001 rc\4269602
005 20240724135552.0
021 _aRU
_b[67-25512]
035 _a(NLR Aleph) 008240840
090 _a8276262
_c8276262
100 _a20130416d1966 |||y0rusy50 ca
101 0 _arus
102 _aRU
105 _ay d |||||
200 1 _aТеория отражения Иосифа Дицгена
_e(Ее основные проблемы и ограниченности)
_eАвтореферат дис. на соискание учен. степени канд. филос. наук
_fКраснояр. гос. пед. ин-т
210 _aКрасноярск
_d1966
215 _a23 с.
700 1 _aБорисенко
_bВ.Г.
702 1 _aДицген
_bИ.
_gИосиф
_4570
801 0 _aRU
_bNLR
_gpsbo
801 1 _aRU
_bELAR
_2rusmarc
852 _aNLR
_j67-4/9989
942 _cBOOK